Achieving Equitable Education (Record no. 80923)
[ view plain ]
| 000 -LEADER | |
|---|---|
| fixed length control field | 01909namaa2200373uu 4500 |
| 001 - CONTROL NUMBER | |
| control field | doab133823 |
| 003 - CONTROL NUMBER IDENTIFIER | |
| control field | oapen |
| 005 - DATE AND TIME OF LATEST TRANSACTION | |
| control field | 20260218110427.0 |
| 006 - FIXED-LENGTH DATA ELEMENTS--ADDITIONAL MATERIAL CHARACTERISTICS | |
| fixed length control field | m o d |
| 007 - PHYSICAL DESCRIPTION FIXED FIELD--GENERAL INFORMATION | |
| fixed length control field | cr|mn|---annan |
| 008 - FIXED-LENGTH DATA ELEMENTS--GENERAL INFORMATION | |
| fixed length control field | 240201s2024 xx |||||o ||| 0|eng d |
| 020 ## - INTERNATIONAL STANDARD BOOK NUMBER | |
| International Standard Book Number | 9781035313839 |
| 020 ## - INTERNATIONAL STANDARD BOOK NUMBER | |
| International Standard Book Number | 9781035313839 |
| 024 7# - OTHER STANDARD IDENTIFIER | |
| Standard number or code | 10.4337/9781035313839 |
| Source of number or code | doi |
| 040 ## - CATALOGING SOURCE | |
| Original cataloging agency | oapen |
| Transcribing agency | oapen |
| Modifying agency | |
| 041 0# - LANGUAGE CODE | |
| Language code of text/sound track or separate title | eng |
| 042 ## - AUTHENTICATION CODE | |
| Authentication code | dc |
| 245 00 - TITLE STATEMENT | |
| Title | Achieving Equitable Education |
| Remainder of title | Missing Education Data and the SDG 4 Data Regime NORRAG Series on International Education and Development |
| 260 ## - PUBLICATION, DISTRIBUTION, ETC. | |
| Place of publication, distribution, etc. | Cheltenham, UK |
| Name of publisher, distributor, etc. | Edward Elgar Publishing |
| Date of publication, distribution, etc. | 2024 |
| 300 ## - PHYSICAL DESCRIPTION | |
| Extent | 1 online resource |
| 336 ## - CONTENT TYPE | |
| Content type term | text |
| Content type code | txt |
| Source | rdacontent |
| 337 ## - MEDIA TYPE | |
| Media type term | computer |
| Media type code | c |
| Source | rdamedia |
| 338 ## - CARRIER TYPE | |
| Carrier type term | online resource |
| Carrier type code | cr |
| Source | rdacarrier |
| 506 0# - RESTRICTIONS ON ACCESS NOTE | |
| Standardized terminology for access restriction | Unrestricted online access |
| Source of term | star |
| 520 ## - SUMMARY, ETC. | |
| Summary, etc. | This is an open access title available under the terms of a CC BY-NC-ND 4.0 License. It is free to read, download and share on Elgaronline.com. Achieving Equitable Education argues that critical gaps in education data are hampering the achievement of one of the UN's Sustainable Development Goals: "inclusive and equitable quality education...for all". This book critically explores education data gaps across regions, themes and levels of education, highlighting key relationships and disconnects between national, regional and global data needs. |
| 540 ## - TERMS GOVERNING USE AND REPRODUCTION NOTE | |
| Terms governing use and reproduction | Creative Commons |
| -- | https://creativecommons.org/licenses/by-nc-nd/4.0/ |
| -- | cc |
| Uniform Resource Identifier | <a href="https://creativecommons.org/licenses/by-nc-nd/4.0/">https://creativecommons.org/licenses/by-nc-nd/4.0/</a> |
| 546 ## - LANGUAGE NOTE | |
| Language note | English |
| 650 #7 - SUBJECT ADDED ENTRY--TOPICAL TERM | |
| Topical term or geographic name entry element | JNKD |
| Source of heading or term | bicssc |
| 720 1# - ADDED ENTRY--UNCONTROLLED NAME | |
| Name | Delprato, Marcos |
| Relator code | edt |
| 720 1# - ADDED ENTRY--UNCONTROLLED NAME | |
| Name | Delprato, Marcos |
| Relator code | oth |
| 793 0# - | |
| -- | DOAB Library. |
| 856 ## - ELECTRONIC LOCATION AND ACCESS | |
| Uniform Resource Identifier | <a href="https://docs.google.com/spreadsheets/d/1yKIrdCPDAG_9c22mwoOIO2DOhtj65Wqa/edit?usp=sharing&ouid=106555315294820607512&rtpof=true&sd=true ">https://docs.google.com/spreadsheets/d/1yKIrdCPDAG_9c22mwoOIO2DOhtj65Wqa/edit?usp=sharing&ouid=106555315294820607512&rtpof=true&sd=true </a> |
| Link text | List of Curated E-Books |
| 942 ## - ADDED ENTRY ELEMENTS (KOHA) | |
| Koha item type | E-Book |
| Withdrawn status | Damaged status | Not for loan | Home library | Current library | Date acquired | Total Checkouts | Date last seen | Price effective from | Koha item type |
|---|---|---|---|---|---|---|---|---|---|
| Directory of Open Access Books | Directory of Open Access Books | 12/09/2024 | 12/09/2024 | 12/09/2024 | E-Book |